Malaysian law
| Main Author: | |
|---|---|
| Format: | Book |
| Published: |
Kuala Lumpur :
Professional (Law) Books Publishers ,
1987
|
| Subjects: |
MARC
| LEADER | 00000cam a2200000 7i4500 | ||
|---|---|---|---|
| 001 | 0000033183 | ||
| 002 | 000035805 | ||
| 005 | 20000331.0 | ||
| 020 | |a 9679958019 | ||
| 090 | 0 | 0 | |a 349.595 |b HIC |
| 100 | 1 | |a Hickling, R.H | |
| 245 | 1 | 0 | |a Malaysian law |c R.H.Hickling |
| 260 | |a Kuala Lumpur : |b Professional (Law) Books Publishers , |c 1987 | ||
| 300 | |a 222p. ; |c 24cm. | ||
| 650 | 0 | 0 | |a Law |z Malaysia |
| 999 | |a 0008546 |b BUKU |c MALAYSIANA |e PERPUSTAKAAN KOMUNITI PETALING JAYA | ||